| 000 | 00602nam a2200229Ia 4500 | ||
|---|---|---|---|
| 003 | OSt | ||
| 005 | 20240923141547.0 | ||
| 006 | a|||||r|||| 00| 0 | ||
| 007 | ta | ||
| 008 | 220927b |||||||| |||| 00| 0 eng d | ||
| 024 | _a22822 | ||
| 037 | _cTextual | ||
| 040 |
_aSDCL _cSDCL _beng |
||
| 041 |
_2eng _aeng |
||
| 082 | _aX:8D M1 | ||
| 100 |
_aPandey, I.M., _9422211 |
||
| 245 | 0 | _aCapital structure and the cost of capital : | |
| 260 |
_c1981. _aNew Delhi : _bVikas Publishing House, |
||
| 300 | _a156p. | ||
| 942 |
_hX:8D M1 _cTEXL _2CC |
||
| 999 |
_c824777 _d824777 |
||